Kingston Upon Thames LBC v Marlow (Record no. 7227)

MARC details
000 -LEADER
fixed length control field 01624cab a2200313 4500
001 - CONTROL NUMBER
control field ABS54613
008 - FIXED-LENGTH DATA ELEMENTS--GENERAL INFORMATION
fixed length control field 090401t1996 xxu||||| |||| 00| 0 eng d
035 ## - SYSTEM CONTROL NUMBER
System control number (Sirsi) u11350
041 ## - LANGUAGE CODE
Language code of text/sound track or separate title eng
245 ## - TITLE STATEMENT
Title Kingston Upon Thames LBC v Marlow
260 ## - PUBLICATION, DISTRIBUTION, ETC.
Date of publication, distribution, etc. 1996
350 ## - PRICE (NR) (BK AM CF MU VM SE) [OBSOLETE]
Price 0
490 ## - SERIES STATEMENT
Series statement Rating Appeals
Volume/sequential designation (1996) RA, 87-92(6)
520 ## - SUMMARY, ETC.
Summary, etc. QBD 23 October 1995. M held the lease of office premises from 4 January 1983 until 30 November 1993. On 7 September 1990 the landlord served a High Court writ claiming damages for non payment of repair charges and seeking forfeiture of the lease due to breach of contract. M filed a defence disputing the amount but not seeking relief from forfeiture. On 30 November 1993 M vacated the premises, writing to the landlords stating his relinquishment of the tenancy. M paid mesne profits to the landlord. On 21 October 1994 K issued a summons against M for unpaid rates between 1 February 1994 and 31 March 1995. K appealed against the magistrate`s decision that M was no longer entitled to possession at the time and was not liable for rates claimed. "Held" appeal dismissed - M had unequivocally accepted repudiation of the lease on 30 November 1993.
650 ## - SUBJECT ADDED ENTRY--TOPICAL TERM
Topical term or geographic name entry element BREACH OF CONTRACT
650 ## - SUBJECT ADDED ENTRY--TOPICAL TERM
Topical term or geographic name entry element EMPTY PROPERTY
650 ## - SUBJECT ADDED ENTRY--TOPICAL TERM
Topical term or geographic name entry element FORFEITURE
650 ## - SUBJECT ADDED ENTRY--TOPICAL TERM
Topical term or geographic name entry element KINGSTON UPON THAMES BC V MARLOW
650 ## - SUBJECT ADDED ENTRY--TOPICAL TERM
Topical term or geographic name entry element LIABILITY
650 ## - SUBJECT ADDED ENTRY--TOPICAL TERM
Topical term or geographic name entry element MESNE PROFITS
650 ## - SUBJECT ADDED ENTRY--TOPICAL TERM
Topical term or geographic name entry element POSSESSION
650 ## - SUBJECT ADDED ENTRY--TOPICAL TERM
Topical term or geographic name entry element REPAIRS
650 ## - SUBJECT ADDED ENTRY--TOPICAL TERM
Topical term or geographic name entry element REPUDIATION
650 ## - SUBJECT ADDED ENTRY--TOPICAL TERM
Topical term or geographic name entry element UNOCCUPIED PROPERTY RATES
650 ## - SUBJECT ADDED ENTRY--TOPICAL TERM
Topical term or geographic name entry element UNPAID RATES
690 ## - LOCAL SUBJECT ADDED ENTRY--TOPICAL TERM (OCLC, RLIN)
Topical term or geographic name as entry element RATING AND VALUATION-CASE LAW
942 ## - ADDED ENTRY ELEMENTS (KOHA)
Suppress in OPAC 0
948 ## - LOCAL PROCESSING INFORMATION (OCLC); SERIES PART DESIGNATOR (RLIN)
c (OCLC) 04/03/1997
Holdings
Withdrawn status Lost status Source of classification or shelving scheme Damaged status Not for loan Home library Current library Shelving location Date acquired Total Checkouts Full call number Barcode Date last seen Copy number Price effective from Koha item type
    Dewey Decimal Classification     London London Journal article 14/09/1999   ABS54613 11350-1001 06/08/2019 1 06/08/2019 Law report